Οι μυστικές εταιρείες
Saved in:
| Main Author: | |
|---|---|
| Format: | Book |
| Language: | Greek |
| Published: |
[Αθήνα] :
Δημοσιογραφικός Οργανισμός Λαμπράκη,
c2009.
|
| Series: | (Νίκος Τσιφόρος ;
6) |
| Subjects: | |
| Tags: |
Add Tag
No Tags, Be the first to tag this record!
|
MARC
| LEADER | 00000cam a2200000 a 4500 | ||
|---|---|---|---|
| 001 | 1/118558 | ||
| 008 | 190508s2009####gr | ||| |||| ||gre|| | ||
| 020 | |a 9789604694273 | ||
| 040 | |a GR-MyUa |b gre |c GR-MyUa |e AACR2 | ||
| 041 | 0 | |a gre | |
| 082 | 7 | |a 889.7 |2 (23) | |
| 100 | 1 | |a Τσιφόρος, Νίκος, |d 1909-1970. | |
| 245 | 1 | 3 | |a Οι μυστικές εταιρείες / |c Νίκος Τσιφόρος. |
| 260 | |a [Αθήνα] : |b Δημοσιογραφικός Οργανισμός Λαμπράκη, |c c2009. | ||
| 300 | |a 245 σ. ; |c 20 εκ. | ||
| 490 | 0 | |a (Νίκος Τσιφόρος ; |v 6) | |
| 500 | |a Ειδική έκδοση για την εφημερίδα "Τα Νέα". | ||
| 650 | 0 | |a Humorous stories, Greek. | |
| 852 | |a INST |b LESVOS |e 20211201 |h 889.7 ΤΣΙ |p 005100063801 |q 005100063801 |t BK |y 0 | ||
| 852 | |a INST |b SYROS |e 20190508 |h 889.7 ΤΣΙ |p 005500013680 |q 005500013680 |t BK |y 0 | ||
| 970 | |a Κοντού |b Παρασκευή |z 08/05/2019 | ||